LEADER 01054nam a2200265 i 4500 001 000000149516 003 CaOOAMICUS 005 20060601000000.0 008 060601s2003 it u000 u ita u 013 $a126839 020 $a88-311-6072-9 040 $aSeMil$bita 100 1 $aSorgi, Tommaso.$0(OLS)http://semarc/name/14544 245 13$aUn'anima di fuoco :$bprofilo di Igino Giordani (1894-1980) /$cTommaso Sorgi. 260 $aRoma :$bCittà Nuova,$cCopyr. 2003. 300 $a141 p. ;$c21 cm. 500 $aDono del Card. Dionigi Tettamanzi. 650 4$aGiordani, Igino <1894-1980>.$0(OLS)http://semarc/subject/7947 850 $aSeMil 852 $aSeMil$W1$xVenegono$y1$m3J II 347$j101724$B101724$CSeMilBibl$Z2$F112072 $81 941 1 $a5 961 $aOmaggio: Tettamanzi Card. Dionigi 996 $6020$a88-311-6072-9$9(OLS)http://semarc/number/138622 996 $6245$aUn'anima di fuoco :$bprofilo di Igino Giordani (1894-1980)$9(OLS)http://semarc/title/218537 996 $6260$aRoma :$bCittà Nuova$9(OLS)http://semarc/publisher/29609 LEADER 00910nam a2200205 4500 001 000000357931 003 CaOOAMICUS 005 20240409144704.0 008 240409s1952 it 100 u ita r 040 $aSeMil$bita 110 0 $aCentro Mariano Monfortano.$0(OLS)http://semarc/name/119519 245 10$aAtti del convegno mariano-sacerdotale di Verona :$b10-12 settembre 1952 /$cCentro Mariano Monfortano. 264 1$aRoma :$bEdizioni Monfortane,$c1952. 300 $a73 p. ;$c28 cm 650 4$aMeditazioni per sacerdoti.$0(OLS)http://semarc/subject/32222 850 $aSeMil 852 $aSeMil$W1$xVenegono$y1$m5B VI 6/7$j247509$B249072$CSeMilBibl$Z2$F249072 $81 996 $6245$aAtti del convegno mariano-sacerdotale di Verona :$b10-12 settembre 1952$9(OLS)http://semarc/title/448227 996 $6264$aRoma :$bEdizioni Monfortane$9(OLS)http://semarc/publisher/61688 LEADER 01149nam a2200277 i 4500 001 000000131679 003 CaOOAMICUS 005 20091030000000.0 008 091030s2005 it u000 u ita u 013 $a104576 020 $a88-7257-067-0 040 $aSeMil$bita 100 1 $aTeklak, Czelsaw.$0(OLS)http://semarc/name/54338 245 13$aLe ricerche marxiste su Gesù di Nazareth /$cCzelsaw Teklak. 260 $aRoma :$bAntonianum,$c2005. 300 $a552 p. ;$c25 cm. 490 0 $aSpicilegium Pontificii Athenaei Antoniani ;$v39 500 $aContiene : Bibliografia. 650 4$aGesù Cristo - Concezione marxista.$0(OLS)http://semarc/subject/25932 830 0$aSpicilegium Pontificii Athenaei Antoniani ;$v39.$0(OLS)http://semarc/title/10818 850 $aSeMil 852 $aSeMil$W1$xVenegono$y1$m2B V 73$j85626$B85626$CSeMilBibl$Z2$F114719 $81 961 $aOmaggio: Borgonovo don Gianantonio 996 $6020$a88-7257-067-0$9(OLS)http://semarc/number/118621 996 $6245$aLe ricerche marxiste su Gesù di Nazareth$9(OLS)http://semarc/title/193577 996 $6260$aRoma :$bAntonianum$9(OLS)http://semarc/publisher/32214 LEADER 00501nab a2200145 i 4500 001 000000312761 003 CaOOAMICUS 005 20180831173058.0 008 180831n xx uu u0 0und r 013 $a21853 040 $aSeMil$bita 100 1 $aCellini, Adolfo.$0(OLS)http://semarc/name/13922 245 10$aCarismi e carismatici nel Cristianesimo primitivo. 773 0 $t[Gennaio-Giugno].$g105-116, 219-22$w()274215 996 $6245$aCarismi e carismatici nel Cristianesimo primitivo$9(OLS)http://semarc/title/387131